Dualismo, organización industrial y empleo
Збережено в:
| Автор: | |
|---|---|
| Співавтори: | , |
| Формат: | Книга |
| Мова: | Іспанська |
| Опубліковано: |
Santiago
CIEPLAN
1977
|
| Серія: | Estudios CIEPLAN, 19
|
| Предмети: | |
| Теги: |
Додати тег
Немає тегів, Будьте першим, хто поставить тег для цього запису!
|
MARC
| LEADER | 00000nam a2200000 a 4500 | ||
|---|---|---|---|
| 001 | UCR9703 | ||
| 003 | CL-VaPUC | ||
| 008 | 980613e19771100CL |||||||||||||||||spa|d | ||
| 082 | 0 | 4 | |a 338.9001 |b MUÑ |2 21 |
| 100 | |a Muñoz Gomá, Oscar |e autor |9 588181 | ||
| 110 | 2 | |a CIEPLAN |e author |9 412499 | |
| 710 | 2 | |a Corporación de Investigaciones Económicas para Latinoamérica |e author |9 412500 | |
| 245 | 1 | 0 | |a Dualismo, organización industrial y empleo |
| 300 | |a 49 p | ||
| 942 | |c BK | ||
| 945 | |d 19980613 00:00:00 |a crobeson | ||
| 260 | |a Santiago |b CIEPLAN |c 1977 | ||
| 650 | 0 | |a Industrialización |9 263687 | |
| 650 | 0 | |a Asistencia técnica |9 259669 | |
| 650 | 0 | |a Mercado laboral |9 375911 | |
| 650 | 0 | |a Teoría económica |9 315055 | |
| 583 | |a last modification |c 19980613 00:00:00 |k Rodrigo Vera | ||
| 490 | 0 | |a Estudios CIEPLAN, 19 | |
| 999 | |c 270881 |d 270879 | ||
| 952 | |0 0 |1 0 |4 0 |6 338_900100000000000_MUÑ_1977 |7 0 |8 A |9 305333 |a BIBENE |b BIBENE |d 2019-11-20 |i 1418092 |o 338.9001 MUÑ 1977 |p 1418092 |r 2025-01-15 |w 2019-11-20 |y BK |k ICO | ||